000
00317nam a2200133Ia 4500
008
100328s9999 xx 000 0 und d
082
_b
42054
100
_a
भालेराव अनंत
245
_a
कावड
260
_b
ऋतु
630
_a
कावड
730
_a
कावड
942
_c
BOOK
999
_c
530560
_d
530557